Biogeochemistry of marine dissolved organic matter

Guardat en:
Dades bibliogràfiques
Autor principal: Dennis A. Hansell
Format: Llibre
Idioma:Undetermined
Publicat: Boston Academic Press 2002
Etiquetes: Afegir etiqueta
Sense etiquetes, Sigues el primer a etiquetar aquest registre!
Thư viện lưu trữ: Trung tâm Học liệu Trường Đại học Cần Thơ
LEADER 00428nam a2200157Ia 4500
001 CTU_65939
008 210402s9999 xx 000 0 und d
020 |b 1439000 
082 |a 551.46 
082 |b H249 
100 |a Dennis A. Hansell 
245 0 |a Biogeochemistry of marine dissolved organic matter 
260 |a Boston 
260 |b Academic Press 
260 |c 2002 
980 |a Trung tâm Học liệu Trường Đại học Cần Thơ